Normal view
MARC view
- Nelson, Matthew J
Entry Personal Name
001 - CONTROL NUMBER
- control field: 94068
003 - CONTROL NUMBER IDENTIFIER
- control field: NUST
005 - DATE AND TIME OF LATEST TRANSACTION
- control field: 20220720134215.0
008 - FIXED-LENGTH DATA ELEMENTS
- fixed length control field: 220720|| aca||aabn | a|a d
040 ## - CATALOGING SOURCE
- Original cataloging agency: NUST
- Transcribing agency: NUST
100 ## - HEADING--PERSONAL NAME
- Personal name: Nelson, Matthew J
670 ## - SOURCE DATA FOUND
- Source citation: Work cat.: (NUST)0: Nelson, Matthew J., In the shadow of sharīʻah :, c2011.
